| 000 | 00386nam a2200133Ia 4500 | ||
|---|---|---|---|
| 008 | 231129s1990||||xx |||||||||||||| ||spa|| | ||
| 040 | _bspa | ||
| 082 | _a986.1352 S159m | ||
| 100 | _aSalazar PatiƱo Hernando | ||
| 245 | 0 | _aManizales bajo el volcan : Sintesis historica de su desarrollo social y humano | |
| 260 | _c1990 | ||
| 264 | _aFundacion Caldas Ayer y hoy | ||
| 942 |
_2ddc _cBKS |
||
| 999 |
_c20295 _d20295 |
||